000 00679nam a2200181Ia 4500
008 100921s9999 xx 000 0 und d
082 _b18914
_a891.468 थ 83
100 _aबोरकर बाळकृष्ण भगवंत.
245 _aपावलापुरता प्रकाश.
260 _bआलोक प्रकाशन, कोल्हापूर.
_c1983
300 _a122
_b---
365 _b30
520 _aललित-संकीर्ण.
630 _aपावलापुरता प्रकाश.
650 _aललित-संकीर्ण.
730 _aपावलापुरता प्रकाश.
942 _cBOOK
999 _c768027
_d768024